Biblioteca

Teología bíblica y sistemática / Myer Pearlman (Registro nro. 33908)

Detalles MARC
000 -LÍDER
Campo fijo de descripción fija 006780000a22001930004500
041 0# - CÓDIGO DE IDIOMA
Código de idioma para texto/pista de sonido o título separado
082 04 - NÚMERO DE CLASIFICACIÓN DECIMAL DEWEY
Número de clasificación G 230 P3598t
001 - NÚMERO DE CONTROL
Campo de control 3220
100 1# - ASIENTO PRINCIPAL--NOMBRE PERSONAL
Nombre personal Pearlman, Myer (1898-1943)
245 10 - TÍTULO
Título del Material Teología bíblica y sistemática / Myer Pearlman
260 ## - PUBLICACIÓN, DISTRIBUCIÓN, ETC. (PIE DE IMPRENTA)
Lugar de publicación, distribución, etc. Springfield, MIssouri, USA : Vida
300 ## - DESCRIPCIÓN FÍSICA
Extensión XIV, 472 Pag
336 ## - CONTENT TYPE
Content type term texto
Content type code txt
Source rdacontent
337 ## - MEDIA TYPE
Source rdamedia
Media type term sin mediación
Media type code n
338 ## - CARRIER TYPE
Source rdacarrier
Carrier type term volumen
Carrier type code nc
505 00 - NOTA DE CONTENIDO
Nota de contenido con formato preestablecido - Las escrituras - Dios - Los angeles - El hombre - El pecado - El Señor Jesucrito -La expiación - Salvación - La sanidad divina - La iglesia - Los acontecimientos finales
650 14 - ASIENTO SECUNDARIO DE MATERIA - TERMINO TEMÁTICO
Término temático o nombre geográfico como elemento de entrada TEOLOGIA DOGMATICA
942 ## - TIPO DE MATERIAL (KOHA)
Tipo de Item KOHA Libros General
Existencias
Estado de Material Estado de Perdido Forma de Clasificación Estado de Dañado No para Préstamo Colección Tomo Biblioteca de Origen Biblioteca Permanente Fecha de Adquisición Total de Préstamos Signatura Topográfica Código de Barras Última vez visto Última vez Préstado Ejemplar/Existencia Fecha de Remplazo Tipo de Material
    Dewey Decimal Classification     Colección General   Biblioteca FUSBC Biblioteca FUSBC 14/03/2005 3 G 230 P3598t 2794 12/11/2022 09/11/2017 Ej. 1 26/01/2016 Libros General

Biblioteca FUSBC | Teléfono: (57+4) 349 88 10 Ext. 141| WhatsApp (+57) 3005338115 
E-mail: biblioteca@unisbc.edu.co | Calle 76 87-14 Robledo Palenque, Medellín, Colombia

Con tecnología Koha